| 000 | 00436cam a2200181 4500 | ||
|---|---|---|---|
| 001 | D12519 | ||
| 008 | 090401t1938 xxu||||| |||| 00| 0 eng d | ||
| 035 | _a(Sirsi) u3936 | ||
| 041 | _aeng | ||
| 100 | _aCripps, C.A. | ||
| 245 | 4 | _aThe law of compensation for land acquired under compulsory powers | |
| 260 |
_bStevens _c1938 |
||
| 350 | _a0 | ||
| 520 | _aShelf 178 | ||
| 700 | _aGordon, R.A. | ||
| 942 | _n0 | ||
| 948 | _c04/03/1997 | ||
| 999 |
_c85975 _d85975 |
||